[Event "Schach Nienberge 1 - SC Gronau 1"]
[Site "Regionalliga 2015/2016"]
[Date "2015.11.14"]
[Round "3.1"]
[White "Monsma, Menno"]
[Black "Remmeke, Hans"]
[Result "1/2-1/2"]
[WhiteElo "2075"]
[BlackElo "2123"]
[PlyCount "97"]
[EventDate "2015.??.??"]
[SourceDate "2015.09.11"]

1. d4 Nf6 2. c4 g6 3. Nc3 Bg7 4. e4 O-O 5. f3 Nc6 6. Be3 e5 7. Nge2 exd4 8.
Nxd4 Nxd4 9. Bxd4 d6 10. Qd2 Be6 11. Be2 Nd7 12. Bxg7 Kxg7 13. O-O f5 14. exf5
gxf5 15. f4 a5 16. b3 Nc5 17. Rad1 Qf6 18. Qc2 Kh8 19. Bf3 Rae8 20. Rfe1 Bf7
21. Nb5 Rxe1+ 22. Rxe1 c6 23. Qc3 Qxc3 24. Nxc3 Re8 25. Rxe8+ Bxe8 26. Kf2 Kg7
27. Ke3 Kf6 28. h3 h6 29. Bd1 Bd7 30. Bf3 Be6 31. Kd4 Bd7 32. Ne2 Ne6+ 33. Ke3
b6 34. g3 c5 35. Kd3 Nc7 36. Nc3 Be8 37. Nd5+ Nxd5 38. Bxd5 b5 39. Bf3 b4 40.
Ke3 a4 41. Kd3 a3 42. Kd2 Bf7 43. Kd3 Ke7 44. Kc2 Be8 45. Kd3 Bd7 46. Kd2 Ke6
47. Bd5+ Kf6 48. Bf3 Be8 49. Kc2 1/2-1/2

[Event "Schach Nienberge 1 - SC Gronau 1"]
[Site "Regionalliga 2015/2016"]
[Date "2015.11.14"]
[Round "3.2"]
[White "Ringwelski, Marius"]
[Black "Storck, Martin"]
[Result "0-1"]
[WhiteElo "1999"]
[BlackElo "1970"]
[PlyCount "154"]
[EventDate "2015.??.??"]
[SourceDate "2015.09.11"]

1. d4 d5 2. c4 c6 3. Nf3 Nf6 4. e3 Bf5 5. Nc3 e6 6. Nh4 Bg4 7. Qb3 Qb6 8. Bd2
Be7 9. h3 Bh5 10. g4 Bg6 11. Nxg6 hxg6 12. Bg2 Na6 13. Qxb6 axb6 14. cxd5 exd5
15. a3 Nc7 16. Ke2 O-O 17. Rhd1 Rfe8 18. f3 c5 19. Kf2 cxd4 20. exd4 Bd6 21.
Bf1 Re7 22. Re1 Rae8 23. Rxe7 Rxe7 24. Rc1 Ne6 25. Nb5 Bf4 26. Rc8+ Re8 27.
Rxe8+ Nxe8 28. Bxf4 Nxf4 29. h4 Ne6 30. Ke3 N6c7 31. Nc3 Nd6 32. Bd3 Kf8 33. b4
b5 34. a4 bxa4 35. Nxa4 b5 36. Nc3 Ke7 37. Kf4 Ke6 38. Kg5 Ke7 39. h5 Ne6+ 40.
Kh4 g5+ 41. Kg3 Nxd4 42. Nxd5+ Ke6 43. Nc3 Ke5 44. Kf2 Kf4 45. Nd5+ Ke5 46. Nc3
Nc6 47. Bxb5 Nxb4 48. Bf1 Nc2 49. Bd3 Nb4 50. Bb1 Nd5 51. Ne2 f6 52. Ng3 Nc3
53. Bc2 Kf4 54. Nf1 Nc4 55. Ng3 Ne3 56. Ne4 Nxg4+ 57. fxg4 Nxe4+ 58. Kg2 Nd6
59. Kh3 Ne4 60. Kg2 Ke3 61. Ba4 Nc5 62. Bc2 Nd3 63. Kg3 Nf4 64. Ba4 Ne2+ 65.
Kg2 Kf4 66. Bd1 Nc3 67. Bf3 Ne4 68. Bd1 Nc5 69. Kh3 Nd3 70. Kg2 Ne5 71. Kh3 Nc4
72. Ba4 Nb2 73. Bc2 Kf3 74. Bb3 Nd3 75. Bd1+ Kf4 76. Kg2 Ne5 77. Kh3 Nc4 0-1

[Event "Schach Nienberge 1 - SC Gronau 1"]
[Site "Regionalliga 2015/2016"]
[Date "2015.11.14"]
[Round "3.3"]
[White "Langendijk, Andre"]
[Black "Kemper, Georg"]
[Result "1/2-1/2"]
[WhiteElo "1960"]
[BlackElo "1887"]
[PlyCount "84"]
[EventDate "2015.??.??"]
[SourceDate "2015.09.11"]

1. d4 e6 2. Nf3 f5 3. c4 Nf6 4. Nc3 Bb4 5. Qb3 c5 6. a3 Ba5 7. g3 Nc6 8. dxc5
Ne4 9. Bg2 Bxc3+ 10. bxc3 Qa5 11. O-O Qxc5 12. Be3 Qa5 13. Rac1 Qc7 14. Nd4 a6
15. Nxc6 bxc6 16. Bxe4 fxe4 17. c5 O-O 18. Qa4 Qe5 19. Rfd1 a5 20. Rd6 Ba6 21.
c4 Qb2 22. Rxd7 Qxe2 23. Rd2 Qg4 24. Qxc6 e5 25. Qd5+ Kh8 26. Qxe5 Rae8 27. Qc3
Bc8 28. c6 Qh3 29. Rb1 Bg4 30. Qc1 Bf3 31. Qf1 Qc8 32. Rb7 Qxc6 33. Rdd7 Rd8
34. Rxg7 Qf6 35. Rxh7+ Kg8 36. Rbg7+ Qxg7 37. Rxg7+ Kxg7 38. Qa1+ Kg8 39. Bd4
Rf7 40. h3 Rfd7 41. g4 Rxd4 42. Qc3 a4 1/2-1/2

[Event "Schach Nienberge 1 - SC Gronau 1"]
[Site "Regionalliga 2015/2016"]
[Date "2015.11.14"]
[Round "3.4"]
[White "Gottkehaskamp, Philipp"]
[Black "Lütkehermölle, Martin"]
[Result "0-1"]
[WhiteElo "1975"]
[BlackElo "1931"]
[PlyCount "70"]
[EventDate "2015.??.??"]
[SourceDate "2015.09.11"]

1. e4 e6 2. d3 d5 3. Qe2 dxe4 4. dxe4 e5 5. Nf3 Nc6 6. c3 Nf6 7. g3 Bg4 8. Bg2
Bd6 9. O-O Qd7 10. Nbd2 O-O-O 11. Nc4 Qe6 12. h3 Bh5 13. g4 Bg6 14. Nh4 Ne8 15.
Nf5 h5 16. b4 hxg4 17. hxg4 Qf6 18. Qf3 Qe6 19. Nce3 Ne7 20. Rd1 f6 21. Qe2 Bf7
22. Qb5 g6 23. Ng3 Qd7 24. Qa5 Nc6 25. Qa4 Be6 26. f3 Kb8 27. Qc2 Qh7 28. Kf2
Be7 29. Rxd8+ Nxd8 30. Bd2 Qf7 31. c4 Nc6 32. a3 Nd4 33. Qd3 Nd6 34. c5 Nc4 35.
Rc1 Nxd2 0-1

[Event "Schach Nienberge 1 - SC Gronau 1"]
[Site "Regionalliga 2015/2016"]
[Date "2015.11.14"]
[Round "3.5"]
[White "Reinhold, Klaus"]
[Black "Haas, Kai Markus"]
[Result "1/2-1/2"]
[WhiteElo "1900"]
[BlackElo "2000"]
[PlyCount "39"]
[EventDate "2015.??.??"]
[SourceDate "2015.09.11"]

1. d4 b6 2. e4 c5 3. d5 g6 4. Bd2 Bg7 5. Bc3 Bxc3+ 6. Nxc3 d6 7. Nf3 Nf6 8.
Bb5+ Bd7 9. a4 a6 10. Bxd7+ Nbxd7 11. O-O O-O 12. Qe2 Qc7 13. Nd2 e6 14. dxe6
fxe6 15. Nc4 Qc6 16. e5 Nxe5 17. Nxe5 dxe5 18. Qxe5 Nd7 19. Qe4 Qxe4 20. Nxe4
1/2-1/2

[Event "Schach Nienberge 1 - SC Gronau 1"]
[Site "Regionalliga 2015/2016"]
[Date "2015.11.14"]
[Round "3.6"]
[White "Gottkehaskamp, Stefan"]
[Black "Tsoukkerman, Boris"]
[Result "1-0"]
[WhiteElo "1953"]
[BlackElo "1893"]
[PlyCount "75"]
[EventDate "2015.??.??"]
[SourceDate "2015.09.11"]

1. d4 d5 2. c4 Nc6 3. Nf3 e5 4. Nxe5 Nxe5 5. dxe5 dxc4 6. Qxd8+ Kxd8 7. e4 Be6
8. f4 g6 9. Be3 c6 10. Be2 h5 11. O-O Bb4 12. Rc1 b5 13. a4 a5 14. Nc3 Ne7 15.
axb5 Bxc3 16. bxc3 cxb5 17. Bb6+ Kc8 18. Rcb1 Bd7 19. Rxa5 Rxa5 20. Bxa5 Bc6
21. Bf3 Kb7 22. Bb4 Nc8 23. Rd1 Nb6 24. Rd6 Nd7 25. e6 fxe6 26. Rxe6 Rg8 27.
Re7 Kb6 28. Kf2 Nc5 29. Ke3 Rd8 30. Bxc5+ Kxc5 31. Be2 Rd7 32. Re5+ Kb6 33. Re6
Rg7 34. h4 Kc5 35. Re5+ Kb6 36. g3 Rg8 37. Rg5 Re8 38. e5 1-0

[Event "Schach Nienberge 1 - SC Gronau 1"]
[Site "Regionalliga 2015/2016"]
[Date "2015.11.14"]
[Round "3.7"]
[White "Rothkegel, Jürgen"]
[Black "Keller, Dirk"]
[Result "1/2-1/2"]
[WhiteElo "1866"]
[BlackElo "1887"]
[PlyCount "34"]
[EventDate "2015.??.??"]
[SourceDate "2015.09.11"]

1. e4 c5 2. Nf3 d6 3. d4 cxd4 4. Nxd4 Nf6 5. Nc3 a6 6. Bg5 e6 7. f4 b5 8. e5
dxe5 9. fxe5 Qc7 10. Nf3 Nfd7 11. Ne4 Bb7 12. Nd6+ Bxd6 13. exd6 Qc5 14. Qd2
Qd5 15. Qa5 Nc6 16. Qd2 Nce5 17. Nxe5 Nxe5 1/2-1/2

[Event "Schach Nienberge 1 - SC Gronau 1"]
[Site "Regionalliga 2015/2016"]
[Date "2015.11.14"]
[Round "3.8"]
[White "Schäfer, Günter"]
[Black "Reckzügel, Philipp"]
[Result "1-0"]
[WhiteElo "1910"]
[BlackElo "1904"]
[PlyCount "65"]
[EventDate "2015.??.??"]
[SourceDate "2015.09.11"]

1. e4 c5 2. Nc3 d6 3. f4 Nc6 4. Nf3 Nf6 5. Bb5 Bd7 6. d3 e6 7. O-O Be7 8. Qe1
O-O 9. Bxc6 Bxc6 10. Bd2 Re8 11. Kh1 d5 12. Ne5 Qc7 13. Nxc6 Qxc6 14. e5 Nd7
15. Qg3 Nf8 16. Rae1 Ng6 17. f5 Bh4 18. fxg6 Bxg3 19. gxf7+ Kh8 20. fxe8=Q+
Qxe8 21. hxg3 b5 22. Rf3 b4 23. Nd1 Qa4 24. Ref1 h6 25. Ne3 Qxa2 26. Bc1 b3 27.
c3 a5 28. Nxd5 exd5 29. e6 Qa4 30. Rf8+ Rxf8 31. Rxf8+ Kh7 32. e7 Qg4 33. e8=Q
1-0

[Event "Südlohner SV 1 - SF Telgte 1"]
[Site "Regionalliga 2015/2016"]
[Date "2015.11.14"]
[Round "3.1"]
[White "Hackl-Sommer, René"]
[Black "Dönnebrink, Elmar"]
[Result "0-1"]
[WhiteElo "2009"]
[BlackElo "2054"]
[PlyCount "60"]
[EventDate "2015.??.??"]
[SourceDate "2015.09.11"]

1. e4 c5 2. Ne2 d6 3. g3 Nf6 4. Nbc3 Nc6 5. Bg2 g6 6. O-O Bg7 7. d3 Bd7 8. h3
Rb8 9. f4 b5 10. g4 b4 11. Nb1 Qc7 12. Nd2 Nd4 13. Nc4 Bc6 14. Nxd4 cxd4 15. e5
dxe5 16. Bxc6+ Qxc6 17. Nxe5 Qd5 18. Qf3 Qxf3 19. Rxf3 Nd5 20. Nc4 O-O 21. a3
b3 22. cxb3 Rxb3 23. Na5 Rb5 24. b4 Rc8 25. Bb2 Rc2 26. Nc4 a5 27. bxa5 Rbxb2
28. Nxb2 Rxb2 29. f5 Bh6 30. Rff1 Nc3 0-1

[Event "Südlohner SV 1 - SF Telgte 1"]
[Site "Regionalliga 2015/2016"]
[Date "2015.11.14"]
[Round "3.2"]
[White "Funke, Reinhard"]
[Black "Lodde, Martin"]
[Result "1-0"]
[WhiteElo "2061"]
[BlackElo "1922"]
[PlyCount "101"]
[EventDate "2015.??.??"]
[SourceDate "2015.09.11"]

1. d4 Nf6 2. Bf4 b6 3. Nf3 Bb7 4. e3 e6 5. Be2 Be7 6. O-O O-O 7. h3 c5 8. c3
Ne4 9. Nbd2 f5 10. Nxe4 Bxe4 11. dxc5 bxc5 12. Qd2 a5 13. Rfd1 Ra7 14. Ne5 Ba8
15. Rac1 d6 16. Nc4 d5 17. Na3 Nc6 18. Nb5 Rd7 19. Bh2 Bf6 20. a4 Kh8 21. Qc2
Be5 22. f4 Bf6 23. Rd2 Qe7 24. Bf3 Rfd8 25. Rcd1 h6 26. Bg3 g5 27. Bf2 Qg7 28.
g4 Ne7 29. Kf1 Rg8 30. c4 d4 31. Bxa8 Rxa8 32. exd4 fxg4 33. hxg4 gxf4 34. Qe4
Rad8 35. Qxe6 cxd4 36. c5 Rd5 37. Nd6 Rf8 38. c6 Re5 39. Qd7 Rd5 40. c7 Rxd6
41. Qxd6 Qxg4 42. Bxd4 Qf3+ 43. Ke1 Qh1+ 44. Ke2 Qh5+ 45. Kd3 Qf5+ 46. Kc3 Ng8
47. Kb3 Re8 48. Ka2 f3 49. Rc1 Bxd4 50. Qxd4+ Nf6 51. c8=Q 1-0

[Event "Südlohner SV 1 - SF Telgte 1"]
[Site "Regionalliga 2015/2016"]
[Date "2015.11.14"]
[Round "3.3"]
[White "Junker, Axel"]
[Black "Kolakovic, Klaudio"]
[Result "1-0"]
[WhiteElo "1866"]
[BlackElo "1989"]
[PlyCount "129"]
[EventDate "2015.??.??"]
[SourceDate "2015.09.11"]

1. c4 d6 2. Nc3 c5 3. Nf3 Nc6 4. d4 cxd4 5. Nxd4 e5 6. Nc2 Be6 7. b3 f5 8. g3
Nf6 9. Bg2 Be7 10. O-O O-O 11. Ba3 Qd7 12. Qd2 Rad8 13. Rfd1 h5 14. Nd5 Bxd5
15. cxd5 Nb8 16. Qa5 Rc8 17. Rac1 Na6 18. Ne3 f4 19. Rxc8 Rxc8 20. gxf4 exf4
21. Nc4 Ne8 22. Rd3 g5 23. e3 Bd8 24. Qd2 b5 25. Na5 b4 26. Bxb4 Nxb4 27. Nc6
Nxd3 28. Qxd3 Ng7 29. exf4 g4 30. Qg6 Qf5 31. Qxd6 Bh4 32. Qb4 Qb1+ 33. Bf1 Qc2
34. Qd4 Re8 35. Ne5 Bxf2+ 36. Qxf2 Qxf2+ 37. Kxf2 Nf5 38. Bd3 Nd6 39. Bg6 Rc8
40. Ke3 Rc3+ 41. Kf2 Kg7 42. Bxh5 Ne4+ 43. Ke2 g3 44. hxg3 Nxg3+ 45. Kd2 Ne4+
46. Ke1 Rc1+ 47. Ke2 Ra1 48. Kd3 Nf6 49. Bf3 Ne8 50. a4 Nd6 51. Kd4 Rc1 52. Nc4
Nxc4 53. bxc4 Kf6 54. Be4 Ra1 55. Bc2 Rc1 56. Bd3 Ra1 57. c5 Rxa4+ 58. Bc4 Ra1
59. c6 Ke7 60. Kc5 Ra5+ 61. Bb5 a6 62. d6+ Ke6 63. c7 Rxb5+ 64. Kc6 Rb1 65.
c8=Q+ 1-0

[Event "Südlohner SV 1 - SF Telgte 1"]
[Site "Regionalliga 2015/2016"]
[Date "2015.11.14"]
[Round "3.4"]
[White "Völker, Christian"]
[Black "Kuhlenbäumer, Willi"]
[Result "0-1"]
[WhiteElo "2037"]
[BlackElo "1947"]
[PlyCount "68"]
[EventDate "2015.??.??"]
[SourceDate "2015.09.11"]

1. d4 Nf6 2. Nc3 g6 3. e4 d6 4. f4 Bg7 5. Nf3 O-O 6. e5 Nfd7 7. h4 c5 8. h5
cxd4 9. hxg6 hxg6 10. Qxd4 Qb6 11. Nd5 Qd8 12. Qg1 Qa5+ 13. Nc3 dxe5 14. Qh2
Nf6 15. Nxe5 Nc6 16. Nc4 Qf5 17. Ne3 Qh5 18. Qg1 Qc5 19. Qh2 Qh5 20. Qg1 Qc5
21. Be2 Nd4 22. Bd1 e5 23. Qh2 Re8 24. f5 Nxf5 25. Nxf5 Bxf5 26. Bg5 e4 27. Qh4
Re6 28. g4 Nxg4 29. Bxg4 Bxg4 30. Qh7+ Kf8 31. Bh6 Bxh6 32. Qxh6+ Ke8 33. Rf1
g5 34. Qh8+ Ke7 0-1

[Event "Südlohner SV 1 - SF Telgte 1"]
[Site "Regionalliga 2015/2016"]
[Date "2015.11.14"]
[Round "3.5"]
[White "Kuhlenbäumer, Alfred"]
[Black "Darwisch, Khaled"]
[Result "0-1"]
[WhiteElo "1849"]
[BlackElo "2020"]
[PlyCount "72"]
[EventDate "2015.??.??"]
[SourceDate "2015.09.11"]

1. e4 d6 2. d4 g6 3. Nc3 Bg7 4. Bc4 Nf6 5. Be3 c6 6. Bb3 O-O 7. Qd2 b5 8. f3 e5
9. Nge2 Qe7 10. O-O a5 11. a3 Ba6 12. Rfd1 Nbd7 13. Ng3 Rfd8 14. Qf2 b4 15. Na4
exd4 16. Bxd4 c5 17. Be3 Bb5 18. c4 Bc6 19. Qd2 Ne8 20. Rac1 Rdb8 21. Qc2 Rb7
22. Rb1 Rab8 23. Qe2 bxa3 24. Bc2 a2 25. Ra1 Bxa4 26. Bxa4 Rxb2 27. Qe1 R8b4
28. Bxd7 Qxd7 29. Bxc5 Rxc4 30. Be3 Rcc2 31. Qf1 Rxg2+ 32. Qxg2 Rxg2+ 33. Kxg2
Bxa1 34. Rxa1 Qa4 35. Ne2 Qc2 36. Kf2 Nc7 0-1

[Event "Südlohner SV 1 - SF Telgte 1"]
[Site "Regionalliga 2015/2016"]
[Date "2015.11.14"]
[Round "3.6"]
[White "Hater, Wolfgang"]
[Black "Dieckmann, Werner"]
[Result "1/2-1/2"]
[WhiteElo "2030"]
[BlackElo "1744"]
[PlyCount "71"]
[EventDate "2015.??.??"]
[SourceDate "2015.09.11"]

1. e4 e5 2. Nf3 Nc6 3. Bb5 a6 4. Ba4 Nf6 5. Qe2 b5 6. Bb3 Be7 7. c3 O-O 8. O-O
d6 9. h3 Na5 10. Bc2 c5 11. d3 Bb7 12. Re1 Nc6 13. Nbd2 Re8 14. Nf1 Bf8 15. Bd2
h6 16. b4 cxb4 17. cxb4 d5 18. exd5 Nxd5 19. a3 Nf4 20. Bxf4 exf4 21. Qxe8 Qxe8
22. Rxe8 Rxe8 23. N1d2 Ne5 24. Nxe5 Rxe5 25. Kf1 g5 26. Bb3 Re7 27. Rd1 Bg7 28.
Ne4 Bb2 29. Nc5 Bxa3 30. Nxb7 Rxb7 31. Ra1 Bxb4 32. Rxa6 Kg7 33. Ke2 Re7+ 34.
Kf3 Rd7 35. Ke2 Re7+ 36. Kf3 1/2-1/2

[Event "Südlohner SV 1 - SF Telgte 1"]
[Site "Regionalliga 2015/2016"]
[Date "2015.11.14"]
[Round "3.7"]
[White "Hirnstein, Markus"]
[Black "Telöken, Andreas"]
[Result "1/2-1/2"]
[WhiteElo "1881"]
[BlackElo "1990"]
[PlyCount "55"]
[EventDate "2015.??.??"]
[SourceDate "2015.09.11"]

1. d4 e6 2. c4 f5 3. Nc3 Nf6 4. g3 Be7 5. Bg2 O-O 6. Nh3 d6 7. O-O Kh8 8. Bg5
Nc6 9. Rc1 Qe8 10. e3 e5 11. Nd5 Qd8 12. dxe5 dxe5 13. Bxf6 Bxf6 14. Qe2 Ne7
15. Rfd1 Nxd5 16. cxd5 Qd6 17. Qc4 Bd8 18. f4 e4 19. Ng5 Rf6 20. g4 Qb6 21. Qd4
h6 22. Ne6 Bxe6 23. dxe6 Qxe6 24. gxf5 Qxf5 25. Bxe4 Qg4+ 26. Kh1 Rd6 27. Qa4
Rxd1+ 28. Qxd1 1/2-1/2

[Event "Südlohner SV 1 - SF Telgte 1"]
[Site "Regionalliga 2015/2016"]
[Date "2015.11.14"]
[Round "3.8"]
[White "Schmeing, Walter"]
[Black "Esser, Peter"]
[Result "1/2-1/2"]
[WhiteElo "2002"]
[BlackElo "1749"]
[PlyCount "50"]
[EventDate "2015.??.??"]
[SourceDate "2015.09.11"]

1. e4 c6 2. Nc3 d5 3. Nf3 dxe4 4. Nxe4 Bf5 5. Ng3 Bg6 6. d4 Nd7 7. h4 h6 8. Bd3
Bxd3 9. Qxd3 Qc7 10. Bd2 e6 11. O-O-O O-O-O 12. Qe2 Bd6 13. Rh3 Ngf6 14. Kb1
Rhe8 15. c4 c5 16. Be3 Kb8 17. Qc2 cxd4 18. Nxd4 Bc5 19. Nge2 a6 20. Rg3 Nh5
21. Rh3 Nhf6 22. f3 e5 23. Nf5 Bxe3 24. Nxe3 g6 25. Nc3 Nb6 1/2-1/2